Statistiques concernant Culture Générale - Série 114

Cliquez ici pour prendre le quiz!

Statistiques générales

  • Ce quiz a été pris 358 fois
  • Le résultat moyen est 6 sur 10

Statistiques - réponses

QuestionRéponse% Correct
Selon François Rabelais, de qui le rire est-il "le propre" ?De l'homme
93%
Par quel nom désigne-t-on le petit de l'éléphant ?Eléphanteau
92%
Entre 1967 et 2003, combien de membres comptaient les Bee Gees ?3
90%
Quel aliment plongez-vous dans l'huile lors d'une fondue bourguignonne ?Viande
90%
Dans quelle ville d'Amérique latine se baigne-t-on sur la plage d'Ipanema ?Rio de Janeiro
69%
Quel nom de plume a pris François Marie Arouet ?Voltaire
61%
De quel roi de France Anne d'Autriche fut-elle l'épouse ?Louis XIII
53%
Dans les aventures d'Astérix, d'où vient Ocatarinetabellatchitchix ?Corse
37%
Qu'est-ce qu'un "gadjo" pour les Gitans ?Un non-Gitan
37%
Quelle actrice a interprété "le Démon de midi" sur scène, puis au cinéma ?Michèle Bernier
17%

Distribution des résultats

Percentile par nombre de réponses

% des personnes avec chaque résultat

Votre développement - résultats

Vous n’avez pas pris ce quiz